00921 a2200205 4500999001500000010001400015020002300029035001300052037001500065082001300080100001700093245010300110260005600213270008100269300002800350500005000378942003200428952011400460952014100574 c7916d7916 aENG-88248 a8170621623c695.00 aEN-71781 bDBAD / PUB14a320.95451 aSinha, S. P.1 aLost opportunities:cby S.P. Sinhab50 years of insurgency in the North-East and India's response/ aNew DelhibLancer Publishers and Distributorsc2007 aK-36A (FF), Green Park MainbNew Delhic110 016mlancer@lancerpublishers.com aLix, 357 p.c23cm (Hb) aIncludes bibliographical references and index adplcEN2ddch320.9545mSIN 001040718NFICaDBADbDBADeDBAD/PUBg695.00l0o320.9545 SINpEN-71781r2008-09-15 00:00:00t1v695.00yEN 00102ddc40708NFICaVPbVPd2009-03-05g695.00l1o320.9545 SINpB-317779r2019-07-06 00:00:00s2019-07-02t1v695.00w2009-03-05yEN